000 00587nam a2200169Ia 4500
008 090711s9999 xx 000 0 und d
082 _b46908
100 _aदळवी जयव्ंात
245 _aकशासाठी पोटासाठी
260 _bमॅजेस्टीक प्रकाशन
_c1983
300 _a164
600 _aदळवी जयव्ंात
630 _aकशासाठी पोटासाठी
700 _aदळवी जयव्ंात
730 _aकशासाठी पोटासाठी
942 _cBOOK
999 _c331314
_d331314